[Event "2016 Saint Louis GM Invitational"]
[Site "St Louis"]
[Date "2016.06.09"]
[Round "3"]
[White "Liang, Awonder"]
[Black "Hambleton, Aman"]
[Result "1-0"]
[WhiteElo "2406"]
[BlackElo "2442"]
[Annotator "Keith MacKinnon"]
[PlyCount "130"]
[EventDate "2016.??.??"]
[EventType "tourn"]
[EventRounds "9"]
[EventCountry "USA"]
[SourceTitle "Chess Canada"]
[Source "CFC"]
[SourceDate "2017.10.01"]
[SourceVersion "1"]
[SourceVersionDate "2018.04.02"]
[SourceQuality "1"]

{[%mdl 32768]} {http://chess.ca/newsfeed/node/847   IM Aman Hambleton is
currently finishing off a GM norm tournament in the chess mecca of the United
States (St. Louis of course!). Though we typically focus on wins by Canadian
players, this week, we're looking at a game he lost in the third round. After
a bad opening in which he went down a pawn, his young opponent, fresh off a GM
norm, makes one or two inaccuracies to let Aman back into the game. Just after
everything is under control, Aman makes a big mistake in a 3-2 rook endgame.} 
1. e4 e6 2. d4 d5 3. Nd2 c5 {Fashionable, yet I am convinced White gets good
play in a number of lines here.} 4. exd5 Qxd5 (4... exd5 {heads to a different
sort of game in which White plays against Black's isolated queen's pawn (IQP)
after the inevitable exchange of the d4 for c5 pawn.}) 5. Ngf3 cxd4 6. Bc4 Qd7
{[#]} 7. O-O {The main move. White will soon recover the d4 pawn.} (7. Qe2 {
is also interesting and something I have played a few times. Here, Black may
try and hold on to d4 but is generally ill advised to do so, as White can get
quick development with moves like Nb3, Bg5, and 0-0-0.}) 7... Nc6 8. Nb3 Nf6 9.
Nbxd4 Nxd4 10. Nxd4 a6 11. Re1 b5 {Everything is still very normal here, and
the position has been played many times. I suspect Aman was aiming for this
position with his choice of opening; however, I would prefer to play White
here.} 12. Bb3 Bb7 13. Bf4 Be7 14. a4 $1 {[#] White activates his least active
piece (the rook on a1).} Bd5 $6 {A big decision.} (14... b4 {runs into the
strong-looking} 15. a5 {after which Ba4 is a very serious threat which cannot
easily be parried, as Black cannot castle due to Nxe6.}) (14... O-O {looks
impossible on account of} 15. Nxe6 (15. Rxe6 $13 Bc5 (15... Nd5 16. Re4 $11)
16. Be3 Bxd4 17. Rxf6 gxf6 18. Bxd4 $13 Qc6 $4 19. Qg4+ Kh8 20. Bd5 $1 $18)
15... Qxd1 16. Raxd1 fxe6 17. Rxe6 {where the threat of a discovered check as
well as the attack on the e7 Bishop seems to guarantee White his piece back.
However, Black is actually OK here!} bxa4 18. Ba2 (18. Rxe7+ $4 axb3 19. Rxb7
bxc2 $19) 18... Bd5 $1 19. Bxd5 Nxd5 20. Rxd5 Rxf4 21. Rxe7 Rf7 {and Black
should have little trouble in holding the draw.}) 15. axb5 Bxb3 $2 ({Aman may
have been worried about} 15... axb5 16. Bxd5 Rxa1 17. Bc6 (17. Qxa1 Nxd5 18.
Qa8+ Bd8 $11) 17... Rxd1 18. Rxd1 b4 19. Be5 $14) 16. cxb3 Bc5 {Otherwise
Black is just down a pawn for nothing.} (16... Bb4 17. Qf3 $18) 17. Be5 Bxd4 {
Black must accept the inferior ending} 18. Qxd4 Qxd4 19. Bxd4 {[#] These
positions are always a pleasure to play when you are on the advantageous side.
White's chances of losing are slim to none, and he has a very real chance of
bringing home the win, even without having done anything too special up to
this point.} a5 20. Bc3 $6 {White's first inaccuracy.} (20. b4 a4 21. b6 Kd7
22. Ra3 {is an idea.}) (20. Be5 {with the idea Rec1 was strong as well.}) 20...
Ke7 21. Bxa5 Nd5 22. Bc3 Rxa1 ({editor -} 22... f6 {blunts the B, but it finds
high-paying work on another diagonal after} 23. Bd4 $1 {threatening both Ba7
and Bc5.}) 23. Rxa1 Rb8 {[#] The loss of g7 is necessary as ...f6 or ...Rg8
run into Ra7+. Black cannot trade minor pieces either, as that exchange would
repair White's tripled pawns, leaving him with connected passers.} 24. Bxg7
Rxb5 25. Ra3 {This is what Black had counted on - forcing White's rook into
passivity. However, White soon finds a way to make progress.} f6 26. Bh6 Kf7 {
[#]} 27. Bd2 $6 {with the idea of playing perhaps Kf1 (to avoid back rank
problems) and b4 (followed by Rb3 if Black were to capture the pawn with the N)
.} (27. h4 $1 Rc5 28. h5 {the point of playing h4. Now Black cannot play ...
Rc2 due to Ra7+.}) 27... Rc5 {Black tries to get active and use White's back
rank problems to his advantage} 28. Ra1 Rb5 29. b4 {The only way to play for a
win.} Nxb4 30. Bxb4 Rxb4 31. Rb1 {[#] My initial feeling when considering this
position was that it should be a draw; but, having won a similar position in a
tournament last month, I now realize that the defender's task is far from easy.
} e5 32. Kf1 Ke6 33. Ke2 f5 34. b3 Kd5 35. Rd1+ {A clever way of bringing the
rook to the more active d3 square.} Kc5 36. Rd3 e4 37. Rh3 Kd4 38. Rxh7 Rxb3
39. Rd7+ Ke5 40. g3 Rb2+ {[#] It's important to note the time control at the
event: only 90 + 30s with no additional time after the 40th move. This
position looks very holdable to me, but Aman strays, and things get out of
control.} 41. Rd2 Rb5 42. Rd8 Rb2+ 43. Kf1 Kf6 44. h3 Rb3 45. Kg2 {[#]} e3 $4 {
The crucial error. Black should try and sit still, as the onus is on White to
improve his position.} (45... Rb2 {with the threat of ...e3 was the correct
way to continue:} 46. h4 ({White cannot prevent ... e3 with his rook:} 46. Re8
Kf7 47. Re5 Kf6 48. Re8 $11) 46... e3 47. Kf3 exf2 48. Kg2 $11) 46. Rf8+ $1 Kg6
47. f4 $8 $18 e2 48. Re8 {The e2 pawn, though far advanced, becomes a sitting
duck.} Rb2 49. Kf3 Rb3+ 50. Kf2 Kh5 51. Rxe2 Ra3 52. Re5 Ra2+ 53. Kf3 Ra3+ 54.
Re3 Ra1 55. g4+ fxg4+ 56. hxg4+ Kh4 57. g5 Rf1+ 58. Ke4 Kg4 59. Ke5 Rxf4 60. g6
Rf8 {[#]} 61. g7 {Awonder must have felt very confident about the Q vs. R
ending. I would have been tempted to simply move my rook off the e-file and
push g7 later:} (61. Rc3 Kg5 62. Rg3+ Kh6 (62... Kh4 63. Rg1 Re8+ 64. Kf6 Rf8+
65. Ke7 $18) 63. g7 Rg8 64. Kf6 $18 ({or} 64. Kf5 $5)) 61... Re8+ 62. Kf6 $8
Rxe3 63. g8=Q+ Kf3 64. Kf5 Ke2 65. Qg2+ Ke1 {Aman must have felt that Awonder
knew the technique for winning this position -- but breaking the third rank
defense is actually not so easy. I'd encourage you to look it up, as it is an
important position to know!} 1-0

[Event "CCSCSL Autumn GM Invitational"]
[Site "St Louis"]
[Date "2016.11.17"]
[Round "1"]
[White "Hambleton, Aman"]
[Black "Sachdev, Tania"]
[Result "1-0"]
[WhiteElo "2445"]
[BlackElo "2431"]
[Annotator "Aman Hambleton"]
[PlyCount "95"]
[EventDate "2016.??.??"]
[EventType "tourn"]
[EventRounds "9"]
[EventCountry "USA"]
[SourceTitle "Chess Canada"]
[Source "CFC"]
[SourceDate "2017.10.01"]
[SourceVersion "1"]
[SourceVersionDate "2018.04.02"]
[SourceQuality "1"]
[WhiteClock "0:06:19"]
[BlackClock "0:01:15"]

{[%mdl 32768] In round one of the Saint Louis Autumn Invitational I found
myself playing against IM Tania Sachdev, from India. As it was a closed
tournament, the players and even the specific pairings were known weeks in
advance. I had prepared to play a new variation in the Nimzo-Indian at some
point this tournament; this game gave me the perfect opportunity.} 1. d4 Nf6 2.
c4 e6 3. Nc3 Bb4 {[#] After looking briefly at my opponent's games, it became
very clear that I should expect a Nimzo. Tania has a very narrow repertoire
with the Black pieces -- something I share in common with my opponent.} 4. e3 {
The Rubinstein variation. I usually play 4.Qc2, so this must have been a
surprise to my opponent, but certainly nothing abnormal.} O-O 5. Nge2 d5 6. a3
Be7 (6... Bd6 {is the only other option, but it is very hard to play for a win
with Black in this variation, e.g.} 7. c5 Be7 8. b4 $11 {It's certainly not
very ambitious.}) 7. cxd5 exd5 8. Nf4 (8. g3 c6 9. Bg2 Re8 10. O-O $11 {
is another line, where White aims to play f3-e4 and expand in the center. If
Black meets f3 with ...c5, he normally has sufficient counterplay.}) 8... c6 9.
Bd3 {[#] Black has an enormous choice of moves here: ...Na6, ...Re8, ...Nbd7, .
..b6, ...Bd6, and the move played in this game.} a5 10. O-O Na6 11. f3 {
Continuing with a standard plan in the Nimzo: controlling the g4 square and
preparing f3-e4 to control the whole center.} Nc7 12. Bd2 c5 (12... Ne6 13.
Nxe6 Bxe6 14. Be1 c5 15. Bf2 $14) 13. dxc5 Bxc5 14. Kh1 {[#]} d4 {This was the
first time that my opponent deviated from the game So - Van Wely. I knew that
the computer did not agree with ...d4, so I checked a few moves further to see
the ideas, but essentially ended my preparation here.} (14... Ne6 15. e4 dxe4
16. Nxe4 Bd4 17. Qc2 h6 18. Rad1 Bd7 (18... Nxf4 19. Bxf4 Qb6 $11) 19. Ne2 Rc8
20. Qb1 Be5 21. Bc3 Bxc3 22. N2xc3 Bc6 $2 23. Nd6 $1 Rc7 24. Rfe1 Nd4 25. Nc4
Qa8 26. Ne5 Rd8 27. Bc4 Be8 28. Ne4 Nh5 29. Qd3 b5 30. Ba2 b4 31. Bb1 Bb5 32.
Qe3 Ne6 33. Nd6 Ba4 34. Nexf7 Nhf4 35. Nxd8 Qxd8 36. Rd2 bxa3 37. Ba2 Qf6 38.
Qxa3 Bc6 39. Bxe6+ Nxe6 40. Qa2 Bxf3 41. gxf3 Qxf3+ 42. Rg2 {(1-0, 42) So,W 
(2706)-Van Wely,L (2693) Hoogeveen, 2013.}) 15. exd4 Bxd4 16. Qc2 Bd7 17. Ne4 (
17. Rad1 Rc8 18. Bc1 $14 {removing the two Bishops from the d-file and
exerting pressure on the open file was also very logical and perhaps better.})
17... g6 {[#]} 18. Ne2 $5 {I retain an advantage with this move, but Rad1 was
begging to be played and yet I refused. I was following plans from the game I
prepared, perhaps a little too closely.} (18. Rad1 Nce8 19. Bc3 Bxc3 20. Qxc3
$14) 18... Nxe4 19. Bxe4 Bg7 (19... Bb5 20. Bh6 Bxe2 21. Qxe2 Re8 22. Rad1 $11
{is equal, but White has the two Bishops and both the Nc7 and b7-pawn appear
targets.}) 20. Bc3 {From this point on, I thought that I converted the
position very effectively. I was happy with the way I turned a small visual
advantage into a full point.} Bxc3 21. Nxc3 Rb8 22. Rad1 Qe7 23. Rfe1 Be6 {
[#] My last few moves have been very obvious, but now Black is very close to
playing ...Rfd8 and ...Qf6 and being completely equal. I have to act fast...}
24. Nd5 $1 Nxd5 (24... Bxd5 25. Bxd5 Qd7 26. Be4 Qc8 $14 {looks pretty bad for
Black.}) 25. Bxd5 Rbd8 26. Bxe6 fxe6 {[#] My only advantages are the
weaknesses on a5 and e6, and the large time advantage I had accumulated over
the course of the game. Added together, they prove more dangerous than you
might think.} 27. Rc1 Rd6 28. Qb3 {preparing to target and pressure all the
weaknesses in Black's position.} Qd7 29. h3 $1 {I give this an exclamation
mark only to remind and encourage everyone to create an escape square for
their King as early as possible in a slightly better position. Playing h4
would be too commital, as after ...Rf4 or ...Qe7 suddenly Black has a target.}
Rc8 30. Rxc8+ Qxc8 31. Qb5 {[#]} b6 (31... Rd5 32. Qa4 b6 33. Qf4 $14 {heading
to the f6 square.}) 32. Qe5 $1 {A multi-purpose square: controls the
all-important h2-b8 diagonal against the possible checks, protects the
vulnerable b2 pawn, and places incredible pressure on e6.} Rc6 33. Re4 Rc2 (
33... Qc7 34. Qxc7 Rxc7 35. Rxe6 Rb7 $14 {Black is in a Rook endgame down only
a single pawn, but is also doomed to passivity. If the Rook was on b5 this
type of endgame would be easily drawn, but I believe this is winning for White.
}) 34. Kh2 Rc6 (34... Rc5 35. Qg3 (35. Qxe6+ {would be a mistake as discussed
above e.g.} Qxe6 36. Rxe6 Rb5 $11) 35... Rc6 36. b4 axb4 37. axb4 $14 {looks
like it will transpose to the game.}) 35. b4 axb4 36. axb4 {[#]} Rc4 $2 {
A miscalculation caused by the pressure of the White pieces and the time
pressure that was now very severe. The rest of the game is just converting a
winning Queen endgame.} ({editor - the game move trades Rs, which makes the
win simpler, but Black is in terrible trouble anyway, with two weak pawns and
an exposed K; e.g.} 36... Qd7 37. b5 Rc5 (37... Rd6 38. Ra4 $18) 38. Qb8+ $8
Kg7 39. Rf4 $18) 37. Rxc4 Qxc4 38. Qb8+ Kf7 39. Qxb6 $16 Qf4+ 40. Kh1 Qc1+ 41.
Qg1 {[#] Perhaps what my opponent missed. After this move, Black can give up
on any ideas of perpetual check and White just has to cautiously escort the
b-pawn down the board.} Qb2 42. Qc5 Qa3 43. Qc7+ Kf6 44. b5 e5 45. b6 Qa5 46.
Qd6+ Kf5 47. b7 Kf4 48. Kh2 {After covering the g3 square my opponent resigned.
There are no more perpetual check ideas and it is clear that the b-pawn will
become a second Queen.   Not a bad start to the tournament for myself,
especially considering I played this opening for the first time. I was pleased
with the result and optimistic for the following rounds.} 1-0

[Event "CCSCSL Autumn GM Invitational"]
[Site "St Louis"]
[Date "2016.11.20"]
[Round "6"]
[White "Chandra, Akshat"]
[Black "Hambleton, Aman"]
[Result "1-0"]
[WhiteElo "2509"]
[BlackElo "2445"]
[Annotator "Aman Hambleton"]
[PlyCount "61"]
[EventDate "2016.??.??"]
[EventType "tourn"]
[EventRounds "9"]
[EventCountry "USA"]
[SourceTitle "Chess Canada"]
[Source "CFC"]
[SourceDate "2017.10.01"]
[SourceVersion "1"]
[SourceVersionDate "2018.04.02"]
[SourceQuality "1"]
[WhiteClock "0:07:18"]
[BlackClock "0:00:32"]

{[%mdl 32768] In round six of the Saint Louis Autumn Invitational I was paired
against IM Akshat Chandra, another participant chasing a GM-norm in this event.
Since 6.5/9 points was necessary for a norm, it was clear that the winner of
this game would have great norm-chances moving forward, and the loser would
miss out on the norm altogether. An important round!} 1. d4 d5 2. c4 dxc4 {
[#] An opening I've been playing recently, with mixed success. I manage to
avoid all of the main line Queen's Gambit theory, but also concede the center
and give White very easy moves to play.} 3. Nf3 ({Chandra played} 3. e3 e5 4.
Bxc4 exd4 5. exd4 Bd6 $11 {against me in our last encounter earlier this year,
which eventually leads to equality with very precise play by Black. I was able
to demonstrate that and we drew the game.} 6. Nf3 Nf6 7. Qe2+ Qe7 8. Qxe7+ Kxe7
9. O-O Be6 10. Re1 Kd7 11. Bxe6+ fxe6 12. Nc3 Re8 13. Bg5 Nc6 14. Ne5+ Bxe5 15.
dxe5 Nd5 16. Rad1 h6 $1 17. Bh4 Nce7 18. Bxe7 Kxe7 19. Nxd5+ exd5 20. Rxd5 Rad8
21. Rdd1 Ke6 $11 {(½-½, 36) Chandra,A (2464)-Hambleton,A (2439) Saint Louis,
2016.}) 3... Nf6 4. e3 e6 ({Trying to hang on to the pawn this early is not
advised:} 4... b5 5. a4 c6 6. axb5 cxb5 7. b3 $14) 5. Bxc4 c5 6. O-O a6 {[#]}
7. Nc3 {Not a move that I expected, and perhaps I played too quickly here. I
am not used to being given a free tempo with ...b5.} (7. Bb3 cxd4 8. exd4 Nc6
9. Nc3 Be7 10. Bg5 O-O 11. Qd2 $14 {is the main line, with a classical
isolated Queen-pawn position. White plays for activity and an attack on the
Kingside using the open lines for his pieces. Black plays to exchange pieces
where possible and control d5 in an attempt to prove the isolated pawn on d4
is a weakness.}) (7. dxc5 Qxd1 8. Rxd1 Bxc5 9. Be2 $14 {is a very popular line,
with no risk for White. The idea of Be2 is to play Nfd2-b3 and Bf3 to control
the long diagonal. Black should continue with ...b6 here and not ...b5, which
is a critical difference compared to the game.}) 7... b5 8. Be2 Bb7 9. dxc5 {
[#]} Qxd1 $6 {I decided to take the Queen, launching myself into a poor
version of the transposition I mentioned above after dxc5. On this exact same
day, the World Championship was taking place and this exact variation took
place! Magnus, with the Black pieces, played ...Nc6 and showed precise
preparation, earning a draw.} (9... Nc6 $1 10. Nd2 Bxc5 11. Nde4 Nxe4 12. Nxe4
Be7 13. b3 Nb4 14. Bf3 O-O 15. Ba3 Rc8 (15... Bd5 $11) 16. Nf6+ Bxf6 17. Bxb7
Bxa1 18. Bxb4 Bf6 19. Bxf8 Qxd1 20. Rxd1 Rxf8 21. Bxa6 b4 {one stops two, and
the opposite Bs make this an easy draw, (1/2 -1/2, 33) Sergey Karjakin-Magnus
Carlsen, World Championship g7, New York, 2016.}) 10. Rxd1 Bxc5 11. Nd2 {
White intends Nb3 where a difficult choice is presented. Playing ...Bb6 and
staying on the a7-g1 diagonal means White plays a4, and playing ...Be7 and
remaining on the f8-a3 diagonal means White can play Na5.} Be7 (11... O-O 12.
Nb3 Bb6 (12... Be7 13. Na5 Bc8 14. Bf3 Ra7 15. e4 $14) 13. a4 bxa4 14. Nxa4 Bc7
15. Nac5 $14) 12. Nb3 Nc6 {[#] The only move that prevents Na5 reasonably.} 13.
f3 $1 {Such a calm move, but one that gives White a near-decisive advantage in
my opinion. The idea is to play e4 and permanently lock out the b7 Bishop from
the action.} O-O (13... e5 $6 14. e4 Nd4 15. Nxd4 exd4 16. Nb1 $14 {is what
the computer gives to try to keep the balance, but I believe this is much
better for White.}) 14. e4 Rac8 15. Be3 Ne5 {[#]} 16. Rac1 ({I spent a long
time calculating} 16. a4 Nc4 17. Bc1 b4 18. Na2 {when incredibly, it feels
like I am out of good moves. I cannot play ...Rd8 or ...a5 without losing a
pawn, and the Nf6, Be7, and Bb7 have no useful squares. Essentially a zugzwang
on move 18.}) 16... h6 {I really did not know what to do, and White's
advantage is slowly accumulating with every move. At this point I'm just
waiting for a4 so that some forced variations will occur.} 17. a4 Nc4 (17... b4
18. Na2 Bc6 19. a5 Ba4 20. Rxc8 Rxc8 21. Rc1 $16 {a6 will fall or Black will
have to give up the c-file.}) 18. Bxc4 bxc4 19. Na5 Ba8 20. Na2 {[#]} Rfd8 (
20... Bc5 {fails unfortunately to} 21. Bxc5 Rxc5 22. b4 $1 $18) 21. Rxd8+ Bxd8
22. Nxc4 Be7 {Nb4 and Nd6 have to be prevented.} 23. Kf1 (23. Nb6 Rxc1+ 24.
Nxc1 Bc6 25. b3 Nd7 $16 {and some chances for a draw with the two Bishops.})
23... Ne8 24. b4 {[#]} f5 $1 {The correct way to search for counterplay,
although my time was disastrously low as a result of how easy my opponent's
position has been to play.} 25. Bc5 Bg5 26. Rd1 Bc6 (26... fxe4 27. Nb6 Rb8 28.
Nxa8 Rxa8 29. fxe4 Rc8 {was an interesting attempt, intending ...a5. However,
after White plays,} 30. a5 Nf6 31. Nc3 $18 {I think the position starts to
look closer and closer to losing.}) 27. Nc3 fxe4 28. fxe4 Nf6 29. Ke2 {[#]} Nd7
(29... Nxe4 30. Nxe4 Bxe4 31. Nd6 $18) 30. Be3 Bxe4 $4 {Just an outright
blunder with extreme time pressure. The game cannot be saved at this point
anyway, so at least I'm not spoiling any good chances.} 31. Nxe4 {This was a
fairly crucial game as we were both chasing a GM-norm and, with this loss, my
chances were ruined for this event. My opponent, Akshat Chandra, went on to
share first place in the tournament and earn his final GM-norm and GM title
all at once.} 1-0